Cores em Cordel (Record no. 126850)

MARC details
000 -LÍDER
campo de controle de tamanho fixo 00253 a2200121 4500
001 - NÚMERO DE CONTROLE
campo de controle 126850
020 ## - ISBN - INTERNATIONAL STANDARD BOOK NUMBER
ISBN - International Standard Book Number 9788572087551
040 ## - FONTE DA CATALOGAÇÃO
Instituição que transcreveu o registro Escola Canadense de Niteroi
090 ## - NÚMERO DE CHAMADA LOCAL
Número de chamada (OCLC) (R); Número de chamada, CALL (RLIN) (NR) C11
100 ## - ENTRADA PRINCIPAL--NOME PESSOAL
Nome pessoal Medeiros, Maria
245 10 - TÍTULO
Título Cores em Cordel
942 ## - ELEMENTOS DE ENTRADA ADICIONADOS (KOHA)
Tipo de material Koha Livros
Holdings
Situação do descarte Situação das perdas Situação física Não pode ser emprestado Biblioteca de origem Biblioteca atual Data de aquisição Total de empréstimos Número de chamada completo Código de barras Data de último acesso Data do preço efetivo Tipo de material Koha
        Canadian School of Niterói - Piratininga Canadian School of Niterói - Piratininga 09/02/2024   C11 A12419 09/02/2024 09/02/2024 Livros
        Leonardo Da Vinci - Alphaville 2 Leonardo Da Vinci - Alphaville 2 27/03/2024   028.5 M488c 2A1287 27/03/2024 27/03/2024 Livros